Libro isagogico ó sea de prolegómenos de la Ciencia Canónica e historia externa de la misma ... / (Record no. 160134)

MARC details
000 -LEADER
campo de control de longitud fija 00697nam a22001935i 4500
001 - NÚMERO DE CONTROL
campo de control 160134
003 - IDENTIFICADOR DE NÚMERO DE CONTROL
campo de control ES-MaACL
005 - FECHA Y HORA DE LA ÚLTIMA TRANSACCIÓN
campo de control 20251216183557.0
008 - DATOS DE LONGITUD FIJA--INFORMACIÓN GENERAL
campo de control de longitud fija 940202s1880 sp |||| | spa d
040 ## - FUENTE DE CATALOGACIÓN
Centro catalogador/agencia de origen CAM
Lengua de catalogación spa
100 ## - ENTRADA PRINCIPAL--NOMBRE DE PERSONA
Nombre de persona Morales y Alonso, Juan Pedro,
Fechas asociadas al nombre 1840-1904
9 (RLIN) 223283
245 10 - MENCIÓN DEL TÍTULO
Título Libro isagogico ó sea de prolegómenos de la Ciencia Canónica e historia externa de la misma ... /
Mención de responsabilidad, etc. escrita por ... Juan Pedro Morales y Alonso.
260 ## - PUBLICACIÓN, DISTRIBUCIÓN, ETC.
Lugar de publicación, distribución, etc. Granada :
Nombre del editor, distribuidor, etc. José Lopez Guevara,
Fecha de publicación, distribución, etc. 1880.
300 ## - DESCRIPCIÓN FÍSICA
Extensión 420 p. ;
Dimensiones 22 cm.
650 #7 - PUNTO DE ACCESO ADICIONAL DE MATERIA--TÉRMINO DE MATERIA
Término de materia o nombre geográfico como elemento de entrada Derecho canónico
Fuente del encabezamiento o término embne
9 (RLIN) 11655
752 ## - ENTRADA AGREGADA--NOMBRE JERÁRQUICO DEL LUGAR
País o entidad superior España -
Ciudad Granada
852 ## - LOCALIZACIÓN
Ubicación ES-MaACL
Número de control de estantería C-3331
Nota libre -- Enc. hol.
Holdings
Estatus retirado Estado de pérdida Estado de daño No para préstamo Colección Biblioteca de origen Biblioteca actual Ubicación en estantería Fecha de adquisición Fuente de adquisición Total de préstamos Signatura topográfica completa Código de barras Visto por última vez Precio de reemplazo Tipo de ítem Koha
        Libros del s. XIX Biblioteca del Ateneo de Madrid Biblioteca del Ateneo de Madrid Sala Palomar 17/01/2008     C-3331 1167652 23/02/2023 23/02/2023 Libro impreso antiguo